Dekoracyjny dodatek do prezentu - Statystyki

Ogólne statystyki
  • Ten quiz został rozwiązany 16 razy
  • Średni wynik to 3 z 5
Statystyki odpowiedzi
Odpowiedz % Poprawnych
Wstążka
100%
Kokarda
89%
Papier
78%
Torebka
44%
Bilecik
11%
Nie znaleziono quizów pasujących do podanych kryteriów
Rozkład punktacji
Procent ludzi z każdym wynikiem
Percentyl według liczby udzielonych odpowiedzi
Twoja historia wyników
Nie rozwiązałeś tego quizu